Hypoglycaemia and Diabetes: (Record no. 5277)

MARC details
000 -LEADER
fixed length control field 00575nam a22001937a 4500
003 - CONTROL NUMBER IDENTIFIER
control field OSt
005 - DATE AND TIME OF LATEST TRANSACTION
control field 20160922150549.0
008 - FIXED-LENGTH DATA ELEMENTS--GENERAL INFORMATION
fixed length control field 160922b xxu||||| |||| 00| 0 eng d
020 ## - INTERNATIONAL STANDARD BOOK NUMBER
International Standard Book Number 0340554215
040 ## - CATALOGING SOURCE
Transcribing agency DNLM.
082 ## - DEWEY DECIMAL CLASSIFICATION NUMBER
Classification number WK835H999 1993,
100 ## - MAIN ENTRY--PERSONAL NAME
Personal name Edited by Frier,Brian;Fisher,Miles;
9 (RLIN) 11105
245 ## - TITLE STATEMENT
Title Hypoglycaemia and Diabetes:
Remainder of title Clinical and Physiological aspects.
260 ## - PUBLICATION, DISTRIBUTION, ETC. (IMPRINT)
Place of publication, distribution, etc. London;
-- Boston;
Name of publisher, distributor, etc. Edward Alnold;
Date of publication, distribution, etc. 1993.
300 ## - PHYSICAL DESCRIPTION
Extent x,405p;
Other physical details ill:
Dimensions 25cm.
504 ## - BIBLIOGRAPHY, ETC. NOTE
Bibliography, etc includes References and Index.
650 ## - SUBJECT ADDED ENTRY--TOPICAL TERM
Topical term or geographic name as entry element NeuroScience.
9 (RLIN) 3157
942 ## - ADDED ENTRY ELEMENTS (KOHA)
Source of classification or shelving scheme Other/Generic Classification Scheme
Koha item type Open Shelf
Holdings
Withdrawn status Lost status Source of classification or shelving scheme Damaged status Not for loan Home library Current library Date acquired Source of acquisition Inventory number Total Checkouts Full call number Barcode Date last seen Koha item type
    Other/Generic Classification Scheme     MUST Main Library MUST Main Library 22/09/2016   97/10234   WK835H999 1993, 2016-4482 22/09/2016 Open Shelf
    Other/Generic Classification Scheme     MUST Main Library MUST Main Library 22/09/2016   97/10230   WK835H999 1993, 2016-4483 22/09/2016 Open Shelf
    Other/Generic Classification Scheme     MUST Main Library MUST Main Library 22/09/2016   97/10231   WK835H999 1993, 2016-4484 22/09/2016 Open Shelf
    Other/Generic Classification Scheme     MUST Main Library MUST Main Library 22/09/2016   97/10232   WK835H999 1993, 2016-4485 22/09/2016 Open Shelf
    Other/Generic Classification Scheme     MUST Main Library MUST Main Library 22/09/2016   97/10233   WK835H999 1993, 2016-4486 22/09/2016 Open Shelf